Logistický trh stále roste

Nárast logistických priestorov v strednej a východnej Európe v posledných rokoch. Kľúčová úloha priemyselnej výroby zameranej na export a zvýšená spotreba. Európske krajiny s najväčším podielom na logistikých priestoroch. Problematika cien za prenájom skladovacích priestorov. Český logistický a prie...

Descrizione completa

Salvato in:
Dettagli Bibliografici
Natura: Capitolo di libro
Lingua:ceco
Soggetti:
Tags: Aggiungi Tag
Nessun Tag, puoi essere il primo ad aggiungerne!!

MARC

LEADER 00000naa$a2200000$$$4500
001 0059493
005 20231128134141.4
041 0 |a cze 
044 |a CZ 
245 1 0 |a Logistický trh stále roste 
520 |a Nárast logistických priestorov v strednej a východnej Európe v posledných rokoch. Kľúčová úloha priemyselnej výroby zameranej na export a zvýšená spotreba. Európske krajiny s najväčším podielom na logistikých priestoroch. Problematika cien za prenájom skladovacích priestorov. Český logistický a priemyslový trh. 
610 2 0 |a logistika 
610 2 0 |a zásobovanie 
610 2 0 |a distribúcia 
610 2 0 |a sklady 
610 2 0 |a regióny 
610 2 0 |a Európa 
610 2 0 |a Česko